000 00295nam a22001217a 4500
082 _a327/KAT
100 _aKatoch, Dhruv
_968948
245 _aIndia's Foreign Policy Towards Resurgence
260 _aNew Delhi
_bPentagon Press
_c2019
300 _a194
650 _aPolitical Science
942 _cBK
999 _c65847
_d65847